| 000 | 00808nam a2200277Ia 4500 | ||
|---|---|---|---|
| 003 | OSt | ||
| 005 | 20221007123447.0 | ||
| 006 | a|||||r|||| 00| 0 | ||
| 007 | ta | ||
| 008 | 221006b |||||||| |||| 00| 0 eng d | ||
| 020 | _a3540403825 (pbk) | ||
| 024 | _a1664 | ||
| 037 | _cTextual | ||
| 040 |
_aPAPL _cPAPL _beng |
||
| 041 |
_2eng _aeng |
||
| 082 | _aCN30, P4 Carpa | ||
| 100 |
_aMosel Ulrich _9717260 |
||
| 245 | 0 | _aPath integrals in field theory: an introduction | |
| 260 |
_aBerlin _bSpringer-Verlag _c2004 |
||
| 300 |
_axii, 213p. _ccm. |
||
| 490 | _aAdvanced texts in physics | ||
| 500 | _aBibliographical references 209-210p.; Index 211-213p. | ||
| 650 | _aField Theory | ||
| 942 |
_hCN30, P4 Carpa _cTEXL _2CC |
||
| 999 |
_c1211930 _d1211930 |
||